Normal view
MARC view
- عرب- تاريخ، معارك- بلاد اسلامية
Entry Topical Term
001 - CONTROL NUMBER
- control field: 17468
003 - CONTROL NUMBER IDENTIFIER
- control field: JO-AjAnu
005 - DATE AND TIME OF LATEST TRANSACTION
- control field: 20230606073102.0
008 - FIXED-LENGTH DATA ELEMENTS
- fixed length control field: 230606|| aca||aabn | a|a d
040 ## - CATALOGING SOURCE
- Original cataloging agency: JO-AjAnu
- Transcribing agency: JO-AjAnu
150 ## - HEADING--TOPICAL TERM
- Topical term or geographic name entry element: عرب- تاريخ، معارك- بلاد اسلامية
670 ## - SOURCE DATA FOUND
- Source citation: Work cat.: (JO-AjAnu)8968: عمارة، محمد, author 17467, معارك العرب ضد الغزاة